Los cinco pilares de l aeducación. Estrategias para una educación humanista /

Se proponen los cuatro pilares planteados por Delors (1986) como estrategias para la construcción de una educación más humanista, desde un enfoque teórico-propositivo, a partir del análisis crítico de los cuatro pilares. Se traza la necesidad de complementarlos con un quinto pilar para efectos de un...

Disgrifiad llawn

Wedi'i Gadw mewn:
Manylion Llyfryddiaeth
Prif Awdur: Quesada Rojas, Fernando
Fformat: Texto
Pynciau:
Tagiau: Ychwanegu Tag
Dim Tagiau, Byddwch y cyntaf i dagio'r cofnod hwn!

MARC

LEADER 00000 a a2200000 04500
001 42198
003
040
100 |a Quesada Rojas, Fernando  
245 |a Los cinco pilares de l aeducación. Estrategias para una educación humanista /  |c Fernando Quesada Rojas  
520 |a Se proponen los cuatro pilares planteados por Delors (1986) como estrategias para la construcción de una educación más humanista, desde un enfoque teórico-propositivo, a partir del análisis crítico de los cuatro pilares. Se traza la necesidad de complementarlos con un quinto pilar para efectos de una educación humanista. Se concluye que la educación globalizada requiere asumir la diversidad y multiculturalidad, que el aporte de Delors requiere ser enriquecido desde planteamientos más integradores, y que la educación para la trascendencia debe ser comprendida y asumida por los actores educativos y plasmada en el currículo educativo.  
590 |a EFU/NOVIEMBRE2011  
650 |a 1.HUMANISMO  
650 |a 2.EDUCACION  
650 |a 3.TEORIA  
650 |a 4.PLURALISMO CULTURAL  
773 |g volumen5, número5 ( , 2008), páginas 90-114  
999 |c 38333  |d 38333